Statistiques concernant Les 50 plus grosses ventes de Superlig (Transfermarkt)

Cliquez ici pour prendre le quiz!

Statistiques générales

  • Ce quiz a été pris 42 fois
  • Le résultat moyen est 12 sur 50

Statistiques - réponses

RangSaisonClub de départClub d'arrivéeMontantRéponses% Correct
423/24FenerbahceReal Madrid20.000.000€Arda Güler
91%
117/18BesiktasEverton22.500.000€Cenk Tosun
78%
622/23FenerbahceNapoli18.050.000€Kim Min-Jae
69%
519/20TrabzonsporLosc Lille18.500.000€Yusuf Yazici
66%
1117/18BasaksehirRoma14.250.000€Cengiz Under
59%
1411/12GalatasarayAtlético Madrid13.000.000€Arda Turan
56%
3515/16GalatasarayBJ Guoan8.000.000€Burak Yilmaz
50%
4912/13TrabzonsporGalatasaray7.000.000€Burak Yilmaz
50%
719/20FenerbahceNapoli16.200.000€Eljif Elmas
50%
1722/23GalatasaraySeville12.000.000€Marcao
47%
1315/16BesiktasSH Shenhua13.000.000€Demba Ba
38%
1218/19KasimpasaGalatasaray13.000.000€Mbaye Diagne
34%
915/16FenerbahceAl-Ahli (EAU)16.000.000€Moussa Sow
31%
1906/07FenerbahceBolton12.000.000€Nicolas Anelka
31%
1517/18FenerbahceSeville12.500.000€Simon Kjaer
28%
1698/99FenerbahcePSG12.400.000€Jay-Jay Okocha
25%
3419/20AlanyasporSassuolo8.000.000€Merih Demiral
25%
2118/19GalatasarayVFB Stuttgart11.000.000€Ozan Kabak
25%
3817/18OsmanlisporGalatasaray7.500.000€Badou Ndiaye
22%
817/18GalatasarayStoke City16.000.000€Badou Ndiaye
22%
1017/18GalatasarayRB Leipzig15.000.000€Bruma
22%
2411/12FenerbahceSpartak Moscou10.000.000€Emmanuel Emenike
22%
2711/12KarabuksporFenerbahce9.000.000€Emmanuel Emenike
22%
4416/17GalatasarayPorto7.350.000€Alex Telles
19%
4620/21BasaksehirFenerbahce7.000.000€Irfan Can Kahveci
16%
3917/18BesiktasOlympique Lyon7.500.000€Marcelo
16%
4715/16BursasporFenerbahce7.000.000€Ozan Tufan
16%
1818/19FenerbahceAl-Ahli12.000.000€Josef de Souza
13%
2319/20KasimpasaAston Villa10.000.000€Mahmoud Trezeguet
13%
3216/17FenerbahceValencia8.500.000€Nani
13%
320/21FenerbahceLazio21.000.000€Vedat Muriqui
13%
4115/16BursasporVillareal7.500.000€Cédric Bakambu
9%
2598/99BursasporFenerbahce9.500.000€Elvir Baljic
9%
299/20FenerbahceReal Madrid21.000.000€Elvir Baljic
9%
2918/19GalatasarayAl-Ittihad9.000.000€Garry Rodrigues
9%
4016/17BesiktasAc Milan7.500.000€José Sosa
9%
3112/13KayserisporGalatasaray8.600.000€Nordin Amrabat
9%
2622/23TrabzonsporAjax9.500.000€Ahmetcan Kaplan
6%
4513/14EskisehirsporFenerbahce7.250.000€Alper Potuk
6%
3007/08TrabzonsporRubin Kazan8.700.000€Gökdeniz Karadeniz
6%
2022/23BasaksehirOGC Nice11.500.000€Youssouf Ndayishimiye
6%
2218/19FenerbahceAl-Nassr10.500.000€Giuliano
3%
3310/11GalatasarayAl-Saad8.150.000€Abdul Kader Keita
0%
5011/12FenerbahceArsenal7.000.000€André Santos
0%
4815/16BesiktasHebei China Fortune7.000.000€Ersan Gülüm
0%
4306/07TrabzonsporZenit7.500.000€Fatih Tekke
0%
3705/06BesiktasOlympique Lyon7.600.000€John Carew
0%
4211/12FenerbahceAl-Saad7.500.000€Mamadou Niang
0%
2809/10KayserisporFenerbahce9.000.000€Mehmet Topuz
0%
3609/10GaziantepsporBesiktas8.000.000€Rodrigo Tabata
0%

Distribution des résultats

Percentile par nombre de réponses

% des personnes avec chaque résultat

Votre développement - résultats

Vous n’avez pas pris ce quiz